|
|
|
|
| LEADER |
00000naa a2200000uu 4500 |
| 001 |
vtls011092567 |
| 003 |
SK-MaSNL |
| 005 |
20260302132233.0 |
| 008 |
210824|1996 xo |||||||||||||||||slo| |
| 015 |
|
|
|a SNBRA
|
| 035 |
|
|
|a (urnnbn)urn:nbn:sk:snk:ar-a0crni
|
| 035 |
|
|
|a (uuid)2e6428c0-14ea-4dff-b23b-595c7284c13e
|
| 035 |
|
|
|a urn:nbn:sk:snk-aavxcd
|
| 040 |
|
|
|a SNKBUCL
|b slo
|c SNKBUCL
|e AACR2
|
| 041 |
0 |
|
|a slo
|
| 044 |
|
|
|a xo
|c SK
|
| 100 |
1 |
|
|a Nováková, Katarína
|4 aut
|9 301062
|
| 245 |
1 |
0 |
|a ANALÝZA KOMUNIKAČNEJ INTERAKCIE MATKA - SLUCHOVO POSTIHNUTÉ DIEŤA V RANOM VEKU
|c KATARÍNA NOVÁKOVÁ, ĽUBICA KROČANOVÁ
|
| 700 |
1 |
|
|a Kročanová, Ľubica
|4 aut
|9 12473
|
| 773 |
0 |
|
|t Retrospektíva, realita a perspektíva psychológie na Slovensku : zborník príspevkov ... Bratislava, 30.5.-1.6.1996
|d Bratislava : Stimul, 1996
|g S. 350-353
|z 8085697505
|
| 958 |
|
|
|a OND
|
| 958 |
|
|
|a article12
|
| 958 |
|
|
|a chapter
|
| 999 |
|
|
|c 1312721
|d 1314651
|